000 00322cam a22001097a 4500
008 180718b1976 xxu||||| |||| 00| 0 eng d
082 _aA75 K45P
245 _aKerala district gazetteers: Palghat
_cedited by C.K. Kareem
260 _aTrivandrum
_bKerala District Gazetteers
_c1976
300 _a671+p.
700 _aKareem, C.K.
999 _c487119
_d487119